Remember When Lyrics - Wallows - Statistics

General Stats
  • This quiz has been taken 62 times
    18 since last reset
  • The average score is 119 of 150
Answer Stats
Hint Answer % Correct
a
100%
remember
100%
we
100%
when
100%
When
100%
And
93%
and
93%
Do
93%
do
93%
I
93%
the
93%
The
93%
you
93%
your
93%
alive?
87%
All
87%
all
87%
be
87%
But
87%
knew
87%
only
87%
place
87%
see
87%
that
87%
to
87%
two
87%
you're
87%
around,
80%
can
80%
close
80%
couldn't
80%
decorations
80%
eyes
80%
felt
80%
find
80%
from
80%
go
80%
gone
80%
in
80%
Pre-Chorus It
80%
it
80%
Just
80%
like
80%
look
80%
moments
80%
my
80%
pool
80%
ran
80%
room
80%
so
80%
tell
80%
up
80%
wrong
80%
anymore
73%
Anymore,
73%
before
73%
door
73%
faces
73%
of
73%
out
73%
places
73%
real
73%
right
73%
seems
73%
turn
73%
under
73%
use
73%
what's
73%
words
73%
again,
67%
chance?
67%
long,
67%
long
67%
never
67%
Chorus 1 x2 | Outro x4 Oh,
67%
oh,
67%
oh-oh,
67%
oh-oh
67%
people
67%
remind
67%
return
67%
saw
67%
shadow
67%
stay,
67%
still
67%
Verse 1 Thought
67%
trick
67%
at
60%
given
60%
I've
60%
lost
60%
over
60%
seen
60%
Would
60%
light
53%
me
53%
seek
53%
seemed
53%
they
53%
Don't
47%
its
47%
let
47%
one
47%
romance
47%
know
33%
No matching quizzes found
Score Distribution
Percent of People with Each Score
Percentile by Number Answered
Your Score History
You have not taken this quiz since the last reset